| 000 -LEADER |
| fixed length control field |
04707cam a22005413i 4500 |
| 001 - CONTROL NUMBER |
| control field |
17581941 |
| 003 - CONTROL NUMBER IDENTIFIER |
| control field |
LIBRIS |
| 005 - DATE AND TIME OF LATEST TRANSACTION |
| control field |
20241105174930.0 |
| 007 - PHYSICAL DESCRIPTION FIXED FIELD--GENERAL INFORMATION |
| fixed length control field |
cr ||| ||||| |
| 008 - FIXED-LENGTH DATA ELEMENTS--GENERAL INFORMATION |
| fixed length control field |
150218s2015 xxu|||||o|||||000 0|eng|c |
| 020 ## - INTERNATIONAL STANDARD BOOK NUMBER |
| International Standard Book Number |
9781493917266 |
| 020 ## - INTERNATIONAL STANDARD BOOK NUMBER |
| Canceled/invalid ISBN |
9781493917259 (Print) |
| 024 7# - OTHER STANDARD IDENTIFIER |
| Standard number or code |
10.1007/978-1-4939-1726-6 |
| Source of number or code |
doi |
| 035 ## - SYSTEM CONTROL NUMBER |
| System control number |
(ALMA)9942132802336 |
| 035 ## - SYSTEM CONTROL NUMBER |
| System control number |
(EBZ)ebs4327512e |
| 035 ## - SYSTEM CONTROL NUMBER |
| System control number |
(ALMA)99528610102456 |
| 040 ## - CATALOGING SOURCE |
| Description conventions |
i |
| Transcribing agency |
DLC |
| 041 ## - LANGUAGE CODE |
| Language code of text/sound track or separate title |
eng |
| 050 #4 - LIBRARY OF CONGRESS CALL NUMBER |
| Classification number |
RD1-811 |
| 072 #7 - SUBJECT CATEGORY CODE |
| Subject category code |
MNC |
| Source |
bicssc |
| 072 #7 - SUBJECT CATEGORY CODE |
| Subject category code |
MED085000 |
| Source |
bisacsh |
| 080 ## - UNIVERSAL DECIMAL CLASSIFICATION NUMBER |
| Universal Decimal Classification number |
617 |
| Item number |
S-94 |
| 082 04 - DEWEY DECIMAL CLASSIFICATION NUMBER |
| Classification number |
617 |
| Edition number |
23 |
| 084 ## - OTHER CLASSIFICATION NUMBER |
| Classification number |
Vf |
| Number source |
kssb/8 (machine generated) |
| 100 1# - MAIN ENTRY--PERSONAL NAME |
| Personal name |
de Virgilio, Christian. |
| Relationship |
edt |
| 245 10 - TITLE STATEMENT |
| Title |
Surgery |
| Remainder of title |
A Case Based Clinical Review / |
| Statement of responsibility, etc. |
edited by Christian de Virgilio, Paul N. Frank, Areg Grigorian. |
| 260 ## - PUBLICATION, DISTRIBUTION, ETC. |
| Place of publication, distribution, etc. |
New York |
| Name of publisher, distributor, etc. |
Springer |
| Date of publication, distribution, etc. |
2015 |
| 264 #1 - PRODUCTION, PUBLICATION, DISTRIBUTION, MANUFACTURE, AND COPYRIGHT NOTICE |
| Place of production, publication, distribution, manufacture |
New York, NY : |
| Name of producer, publisher, distributor, manufacturer |
Springer New York : |
| -- |
Imprint: Springer, |
| Date of production, publication, distribution, manufacture, or copyright notice |
2015 |
| 300 ## - PHYSICAL DESCRIPTION |
| Extent |
XIX, 723 p. 100 illus., 29 illus. in color. |
| Other physical details |
online resource. |
| 336 ## - CONTENT TYPE |
| Content type term |
text |
| Content type code |
txt |
| Source |
rdacontent |
| 337 ## - MEDIA TYPE |
| Media type term |
computer |
| Media type code |
c |
| Source |
rdamedia |
| 338 ## - CARRIER TYPE |
| Carrier type term |
online resource |
| Carrier type code |
cr |
| Source |
rdacarrier |
| 347 ## - DIGITAL FILE CHARACTERISTICS |
| File type |
text file |
| Encoding format |
PDF |
| 365 ## - TRADE PRICE |
| Price amount |
58.99 usd |
| 505 8# - FORMATTED CONTENTS NOTE |
| Formatted contents note |
Nausea, Vomiting and Left Groin Mass -- Abdominal Pain, Nausea, and Vomiting -- New Palpable Mass in Right Breast -- Abnormal Screening Mammogram -- Chest Pain, Diaphoresis, and Nausea -- Chest Pain and Syncope -- Chest and Back Pain -- Incidentally Discovered Adrenal Mass on CT Scan -- Fatigue, Constipation, and Depressed Mood -- Intermittent Episodes of Sweating, Palpitations, and Hypertension -- Neck Mass That Moves with Swallowing Progressively Hoarse Voice -- Lump on Neck Increasing in Size -- Aural Fullness, Hearing Loss, and Tinnitus -- Post-Prandial RUQ Pain -- RUQ Pain, Fever, Nausea, and Vomiting -- Severe Epigastric Pain with Nausea and Vomiting -- New Onset of Painless Jaundice -- Bright Red Blood per Rectum -- RLQ Abdominal Pain -- Pencil-Thin Stools and Intermittent Constipation -- Chronic Constipation Presenting With Severe Abdominal Pain -- Left Lower Quadrant Pain and Fever -- Neck Pain and Paralysis Following Trauma -- Loss of Consciousness Following Head Trauma -- Multiple Extremity Injuries after Motorcycle Accident -- Immediate Swelling after Trauma to the Knee -- Right Groin Pain and Limp -- Chronic Right Hand Pain -- Full Term Male Infant with Respiratory Distress -- Newborn with Bilious Emesis -- Infant with Bilious Emesis -- Infant with Nonbilious Emesis -- Infant Born with Abdominal Wall Defect -- Excessive Drooling in a Newborn -- Recently Changed Skin Lesion -- Right Leg Pain, Swelling, and Erythema for Two Days -- Postoperative Bleeding -- Postoperative Decreased Urine Output -- Shortness of Breath Five Days after Surgery -- Abdominal Pain Following Motor Vehicle Accident -- Penetrating Abdominal Trauma -- Pedestrian Struck By Motor Vehicle -- Gunshot Wound to the Left Neck -- Stab Wound to the Chest -- Burns to Face, Trunk, and Extremities -- Severe Right Leg Pain after Tibia Fracture -- Bloody Emesis -- Severe Epigastric Abdominal Pain -- Weight Loss and Early Satiety -- Chest Pain after Vomiting -- Scrotal Pain -- Scrotal Mass -- Red Urine -- Transient Loss of Vision in Right Eye -- Right Calf Pain with Walking -- Sudden Onset of Severe Left Sided Abdominal Pain -- Cold, Painful Right Lower Extremity. |
| 520 ## - SUMMARY, ETC. |
| Summary, etc. |
Surgery: A Case Based Clinical Review provides the reader with a comprehensive understanding of surgical diseases in one easy-to-use reference that combines multiple teaching formats. The book begins using a case based approach. The cases presented cover the diseases most commonly encountered on a surgical rotation. The cases are followed by a series of short questions and answers, designed to provide further understanding of the important aspects of the history, physical examination, differential diagnosis, diagnostic work-up and management, and questions that may arise on surgical rounds. Key figures and tables visually reinforce the important elements of the disease process. � Surgery: A Case Based Clinical Review�will be of great utility for medical students when they rotate on surgery, interns, physician assistant students, nursing students, and nurse practitioner students. |
| 650 #0 - SUBJECT ADDED ENTRY--TOPICAL TERM |
| Topical term or geographic name entry element |
Medicine. |
| 650 #0 - SUBJECT ADDED ENTRY--TOPICAL TERM |
| Topical term or geographic name entry element |
Surgery. |
| 650 14 - SUBJECT ADDED ENTRY--TOPICAL TERM |
| Topical term or geographic name entry element |
Medicine & Public Health. |
| 650 24 - SUBJECT ADDED ENTRY--TOPICAL TERM |
| Topical term or geographic name entry element |
General Surgery. |
| 653 ## - INDEX TERM--UNCONTROLLED |
| Uncontrolled term |
მედიცინა |
| 653 ## - INDEX TERM--UNCONTROLLED |
| Uncontrolled term |
ქირურგია |
| 700 1# - ADDED ENTRY--PERSONAL NAME |
| Personal name |
Frank, Paul N. |
| Relationship |
edt |
| 700 1# - ADDED ENTRY--PERSONAL NAME |
| Personal name |
Grigorian, Areg. |
| Relationship |
edt |
| 710 2# - ADDED ENTRY--CORPORATE NAME |
| Corporate name or jurisdiction name as entry element |
SpringerLink (Online service) |
| 776 08 - ADDITIONAL PHYSICAL FORM ENTRY |
| Relationship information |
Printed edition: |
| Title |
Surgery |
| International Standard Book Number |
9781493917259 |
| 942 ## - ADDED ENTRY ELEMENTS (KOHA) |
| Source of classification or shelving scheme |
|
| Koha item type |
Books |